El hermano Pablo (Record no. 9772)

MARC details
000 -LEADER
campo de control de longitud fija 00620ntaaa2200217 4500
003 - IDENTIFICADOR DE NÚMERO DE CONTROL
campo de control 01
005 - FECHA Y HORA DE LA ÚLTIMA TRANSACCIÓN
campo de control 20251027201524.0
008 - DATOS DE LONGITUD FIJA--INFORMACIÓN GENERAL
campo de control de longitud fija 0714s1973 ag 01
020 ## - NÚMERO INTERNACIONAL ESTÁNDAR DEL LIBRO
Número Internacional Estándar del Libro 0829719865
040 ## - FUENTE DE CATALOGACIÓN
Centro catalogador/agencia de origen AR-BaBN
Lengua de catalogación spa
Centro/agencia transcriptor AR-BaBN
Normas de descripción aacr
Centro/agencia modificador RIC
082 ## - NÚMERO DE LA CLASIFICACIÓN DECIMAL DEWEY
Número de clasificación 922.8900 F49r
100 ## - ENTRADA PRINCIPAL--NOMBRE DE PERSONA
Nombre de persona Roberts, W. Dayton
9 (RLIN) 11661
245 ## - MENCIÓN DEL TÍTULO
Título El hermano Pablo
250 ## - MENCION DE EDICION
Mención de edición 1 ed.
260 ## - PUBLICACIÓN, DISTRIBUCIÓN, ETC.
Lugar de publicación, distribución, etc. Deerfield :
Nombre del editor, distribuidor, etc. Vida,
Fecha de publicación, distribución, etc. 1995
300 ## - DESCRIPCIÓN FÍSICA
Extensión 150, [156] p ;
Dimensiones fotos; 21,5 cm
500 ## - NOTA GENERAL
Nota general Momentos de la vida del Hermano Pablo, predicador y evangelista de radio y televisión
650 ## - PUNTO DE ACCESO ADICIONAL DE MATERIA--TÉRMINO DE MATERIA
Término de materia o nombre geográfico como elemento de entrada Experiencias
700 ## - ENTRADA AGREGADA--NOMBRE PERSONAL
Nombre de persona Finkenbinder, Pablo
9 (RLIN) 13787
942 ## - ELEMENTOS DE ENTRADA SECUNDARIOS (KOHA)
Tipo de ítem Koha Colección General
Holdings
Estatus retirado Estado de pérdida Estado de daño No para préstamo Biblioteca de origen Biblioteca actual Fecha de adquisición Número de inventario Total de préstamos Signatura topográfica completa Código de barras Visto por última vez Precio de reemplazo Tipo de ítem Koha
        Biblioteca Pluis Biblioteca Pluis 27/10/2025 40872   922.8900 F49r 40872 27/10/2025 27/10/2025 Colección General
        Biblioteca Pluis Biblioteca Pluis 27/10/2025 40873     40873 27/10/2025 27/10/2025 Colección General